Entry Personal Name
Number of records used in: 2
001 - CONTROL NUMBER
003 - CONTROL NUMBER IDENTIFIER
005 - DATE AND TIME OF LATEST TRANSACTION
- control field:
20231215111612.0
008 - FIXED-LENGTH DATA ELEMENTS
- fixed length control field:
010427n| acannaabn |n aaa
010 ## - LIBRARY OF CONGRESS CONTROL NUMBER
- LC control number:
n 2001008066
040 ## - CATALOGING SOURCE
- Original cataloging agency:
DLC
- Language of cataloging:
eng
- Transcribing agency:
DLC
100 1# - HEADING--PERSONAL NAME
- Personal name:
Zettili, Nouredine
670 ## - SOURCE DATA FOUND
- Source citation:
Zettili, Nouredine. Quantum mechanics, 2001:
- Information found:
CIP t.p. (Nouredine Zettili; Jacksonville State Univ.)